Normal view
MARC view
- الحسني، زهير
Entry Personal Name
001 - CONTROL NUMBER
- control field: 61784
003 - CONTROL NUMBER IDENTIFIER
- control field: JO-AjAnu
005 - DATE AND TIME OF LATEST TRANSACTION
- control field: 20230606084107.0
008 - FIXED-LENGTH DATA ELEMENTS
- fixed length control field: 230606|| aca||aabn | a|a d
040 ## - CATALOGING SOURCE
- Original cataloging agency: JO-AjAnu
- Transcribing agency: JO-AjAnu
100 ## - HEADING--PERSONAL NAME
- Personal name: الحسني، زهير
670 ## - SOURCE DATA FOUND
- Source citation: Work cat.: (JO-AjAnu)31513: الحسني، زهير, author, التدابير المضادة في القانون الدولي العام: دراسة في وسيلة ضمان الاداء ازاء انتهاك القانون الدولي دون اثارة المسؤولية الدولية